000 00637nam a2200193Ia 4500
003 GCL
008 140319s9999 xx 000 0 ara d
040 _aGCL /
_cGCL
082 0 4 _a810.9027
_bج ر
100 1 _aجورج طرابيشى
245 1 0 _aالروائى وبطله : مقاربة اللاشعور فى الرواية العربية /
_cجورج طرابيشى
300 _a224 ص
490 _aكتاب
_v0
650 0 4 _aالقصص العربية
650 0 4 _aالادب - تاريخ ونقد
650 0 4 _aالشخصية فى الادب
650 0 4 _aالقصص العربية, تاريخ ونقد
942 _2ddc
_cBK
999 _c41744
_d41744